|
|
|
|
| LEADER |
00000nab a22000001a 4500 |
| 001 |
vtls008996813 |
| 003 |
SK-MaSNL |
| 005 |
20260303122511.0 |
| 008 |
070607d1932 xo |r|p|||| |000 b|slo |
| 015 |
|
|
|a SNBRRBVU1918-1938
|
| 038 |
|
|
|a SNKBUCL
|
| 038 |
|
|
|a SNKBUVU
|
| 040 |
|
|
|a SNKBUVU
|b slo
|c SNKBUCL
|e AACR2
|
| 041 |
0 |
|
|a slo
|
| 044 |
|
|
|a xo
|c SK
|
| 080 |
|
|
|a 75.051:75.021.32
|2 1997
|
| 080 |
|
|
|a 75.021.32
|2 1997
|
| 080 |
|
|
|a 75.047
|2 1997
|
| 100 |
1 |
|
|a Bruegel, Pieter,
|d asi 1525-1569
|4 aut
|9 158841
|
| 245 |
1 |
0 |
|a [Bez názvu]
|c Pieter Brueghel
|
| 500 |
|
|
|a Brueghel, Pieter st. - holand. maliar a kresliar (okolo 1528-30 Brueghel pri Brede - 9.9.1569 Brusel)
|
| 520 |
|
|
|a Reprodukcia olejomaľby - pohľad na zasneženú krajinu, v strede zamrznutý potok, na ktorom sú postavy, hrajúce sa zimné hry
|
| 650 |
0 |
7 |
|a holandské maliarstvo
|2 MM
|9 3116
|
| 650 |
0 |
7 |
|a olejomaľba
|2 MM
|9 30054
|
| 650 |
0 |
7 |
|a krajinomaľba
|2 MM
|9 86830
|
| 655 |
|
7 |
|a reprodukcie výtvarných diel
|2 MM
|9 310790
|
| 773 |
0 |
|
|t Nový svet
|g Roč. 7, č. 19-20 (1932), s. 8
|
| 852 |
|
|
|a SNK
|b KIS3GCP
|
| 910 |
|
|
|a snkrbvumm
|
| 958 |
|
|
|a VY
|
| 999 |
|
|
|c 1921239
|d 1923169
|